00513nam a2200193Ia 450000500170000000800410001702000290005804000190008704100120010608200170011810000200013524500560015525000130021126000390022430000100026365000200027370000160029385000100030920240926121331.0140110s9999 xx 000 0 und d a9780195657081cRs.102.00 aLoreto College aEnglish a891.443bDEV aDevi, Mahasweta aBangla galpo sanchayancMahasweta Devi & Ajoy Gupta a14th ed. aNew DelhibOxford Universityc2011 a226p. aBengali fiction aGupta, Ajoy aLCBED